书目信息 |
| 题名: |
化工原理学习指导
|
|
| 作者: | 黄国林 , 邹丽霞 主编 | |
| 分册: | ||
| 出版信息: | 北京 国防工业出版社 2009.04 |
|
| 页数: | 193页 | |
| 开本: | 26cm | |
| 丛书名: | ||
| 单 册: | ||
| 中图分类: | TQ02 | |
| 科图分类: | ||
| 主题词: | 化工原理--hua gong yuan li--高等学校--教学参考资料 | |
| 电子资源: | ||
| ISBN: | 978-7-118-06148-2 | |
| 000 | 00993nam0 2200253 450 | |
| 001 | 012010157097 | |
| 005 | 20100406194658.37 | |
| 010 | @a978-7-118-06148-2@dCNY22.00 | |
| 100 | @a20100406d2009 em y0chiy0120 ea | |
| 101 | 0 | @achi |
| 102 | @aCN@b110000 | |
| 105 | @aa a 000yy | |
| 106 | @ar | |
| 200 | 1 | @a化工原理学习指导@Ahua gong yuan li xue xi zhi dao@f黄国林, 邹丽霞主编@Fhuang guo lin,zou li xia zhu bian |
| 210 | @a北京@c国防工业出版社@d2009.04 | |
| 215 | @a193页@c图@d26cm | |
| 320 | @a有书目 (第193页) | |
| 330 | @a全书共有九个章节,内容包括:流体流动、流体输送机械、非均相物系的分离、传热、蒸发、蒸馏、吸收、萃取及干燥,每章包括基本理论和重要公式、例题解析及自测题三个部分。其中经典例题解析149题,自测题及习题104题,并附有参考答案。 | |
| 606 | 0 | @a化工原理@Ahua gong yuan li@x高等学校@j教学参考资料 |
| 690 | @aTQ02@v4 | |
| 701 | 0 | @a黄国林@Ahuang guo lin@4主编 |
| 701 | 0 | @a邹丽霞@Azou li xia@4主编 |
| 801 | 0 | @aCN@bQSSK@c20100406 |
| 905 | @b774670-79@dTQ02@eH833@f10 | |
| 化工原理学习指导/黄国林, 邹丽霞主编.-北京:国防工业出版社,2009.04 |
| 193页:图;26cm |
| ISBN 978-7-118-06148-2:CNY22.00 |
| 全书共有九个章节,内容包括:流体流动、流体输送机械、非均相物系的分离、传热、蒸发、蒸馏、吸收、萃取及干燥,每章包括基本理论和重要公式、例题解析及自测题三个部分。其中经典例题解析149题,自测题及习题104题,并附有参考答案。 |
| ● |
| 相关链接 |
|
|
|
正题名:化工原理学习指导
索取号:TQ02/H833
 
预约/预借
| 序号 | 登录号 | 条形码 | 馆藏地/架位号 | 状态 | 备注 |
| 1 | 774670 | 207746705 | 期刊室512/501自科库 137排4列6层/ [索取号:TQ02/H833] | 在馆 | |
| 2 | 774671 | 207746714 | 期刊室512/501自科库 137排4列6层/ [索取号:TQ02/H833] | 在馆 | |
| 3 | 774672 | 207746723 | 期刊室512/501自科库 137排4列6层/ [索取号:TQ02/H833] | 在馆 | |
| 4 | 774673 | 207746732 | 期刊室512/501自科库 137排4列6层/ [索取号:TQ02/H833] | 在馆 | |
| 5 | 774674 | 207746741 | 期刊室512/501自科库 137排4列6层/ [索取号:TQ02/H833] | 在馆 | |
| 6 | 774675 | 207746750 | 期刊室512/501自科库 137排4列6层/ [索取号:TQ02/H833] | 在馆 | |
| 7 | 774676 | 207746769 | 自科库501/501自科库 137排4列6层/ [索取号:TQ02/H833] | 在馆 | |
| 8 | 774677 | 207746778 | 自科库501/201建筑库 32排4列1层/ [索取号:TQ02/H833] |
已借出,限还日期为2019.09.23 借出人:张罡 |
|
| 9 | 774678 | 207746787 | 期刊室512/501自科库 137排4列6层/ [索取号:TQ02/H833] | 在馆 | |
| 10 | 774679 | 207746796 | 自科库501/501自科库 137排4列6层/ [索取号:TQ02/H833] |
已借出,限还日期为2026.08.14 借出人:康远思 |